[Event "Moscow Open 2018 F"]
[Site "?"]
[Date "2018.01.26"]
[Round "1.11"]
[White "Sannikov, Nikita"]
[Black "Vasilyev, Vasily"]
[Result "0-1"]
[BlackElo "2299"]
[WhiteElo "1885"]
[LiveChessVersion "1.4.8"]

1. e4 {[%clk 1:30:57]} c5 {[%clk 1:30:42]} 2. Nf3 {[%clk 1:31:20]} d6
{[%clk 1:31:07]} 3. d4 {[%clk 1:31:46]} cxd4 {[%clk 1:31:32]} 4. Nxd4
{[%clk 1:32:11]} Nf6 {[%clk 1:31:57]} 5. Nc3 {[%clk 1:32:36]} a6 {[%clk 1:32:23]}
6. Be3 {[%clk 1:32:54]} e6 {[%clk 1:32:24]} 7. f3 {[%clk 1:32:39]} Be7
{[%clk 1:31:35]} 8. Qd2 {[%clk 1:30:41]} O-O {[%clk 1:31:52]} 9. O-O-O
{[%clk 1:29:03]} b5 {[%clk 1:31:53]} 10. g4 {[%clk 1:26:38]} Bb7 {[%clk 1:31:59]}
11. Kb1 {[%clk 1:22:56]} Nc6 {[%clk 1:31:08]} 12. Nxc6 {[%clk 1:18:37]} Bxc6
{[%clk 1:31:31]} 13. h4 {[%clk 1:18:29]} Nd7 {[%clk 1:29:36]} 14. Ne2
{[%clk 1:05:28]} Ne5 {[%clk 1:27:49]} 15. Nd4 {[%clk 1:05:24]} Bb7
{[%clk 1:28:03]} 16. Qf2 {[%clk 1:02:15]} Rc8 {[%clk 1:27:01]} 17. Nb3
{[%clk 1:01:07]} Nc4 {[%clk 1:23:51]} 18. Bxc4 {[%clk 0:51:48]} bxc4
{[%clk 1:22:59]} 19. Nc5 {[%clk 0:48:20]} Ba8 {[%clk 1:19:44]} 20. Na4
{[%clk 0:44:15]} Qa5 {[%clk 1:14:41]} 21. Nb6 {[%clk 0:41:40]} Rc6
{[%clk 1:14:48]} 22. Nxa8 {[%clk 0:41:53]} Rxa8 {[%clk 1:15:13]} 23. c3
{[%clk 0:33:22]} Rb8 {[%clk 1:13:59]} 24. Ka1 {[%clk 0:32:46]} Bf6
{[%clk 1:12:15]} 25. Qd2 {[%clk 0:32:58]} Rc7 {[%clk 0:56:48]} 26. Bd4
{[%clk 0:30:49]} Rcb7 {[%clk 0:57:04]} 27. Rh2 e5 {[%clk 0:52:26]} 28. Be3
{[%clk 0:22:27]} Rxb2 {[%clk 0:52:25]} 29. Qxb2 {[%clk 0:22:55]} Rxb2
{[%clk 0:52:48]} 30. Rxb2 {[%clk 0:23:17]} h6 {[%clk 0:52:31]} 31. Rb4
{[%clk 0:22:19]} Qc7 {[%clk 0:43:00]} 32. g5 {[%clk 0:21:47]} hxg5
{[%clk 0:43:04]} 33. hxg5 {[%clk 0:22:14]} Be7 {[%clk 0:43:15]} 34. Rdb1
{[%clk 0:21:39]} Kh7 {[%clk 0:37:51]} 35. Rb7 {[%clk 0:18:08]} Qd8
{[%clk 0:37:59]} 36. g6+ {[%clk 0:11:57]} Kxg6 {[%clk 0:37:18]} 37. R1b6
{[%clk 0:12:00]} Bf8 {[%clk 0:36:10]} 38. Rb8 {[%clk 0:11:22]} Qh4
{[%clk 0:36:24]} 39. Rb1 {[%clk 0:10:32]} Be7 {[%clk 0:34:06]} 40. R8b2
{[%clk 0:08:29]} Qh3 {[%clk 0:32:09]} 41. Rg1+ {[%clk 0:08:51]} Kh7
{[%clk 0:31:45]} 42. Rbg2 {[%clk 0:09:16]} Bf6 {[%clk 0:31:16]} 43. Rg3
{[%clk 0:09:28]} Qd7 {[%clk 0:30:39]} 44. Rd1 {[%clk 0:09:01]} Qc7
{[%clk 0:29:56]} 45. Rd5 {[%clk 0:07:38]} Qc6 {[%clk 0:29:52]} 46. Rg2
{[%clk 0:07:30]} Bd8 {[%clk 0:29:49]} 47. Rgd2 {[%clk 0:07:26]} Bc7
{[%clk 0:30:11]} 48. f4 {[%clk 0:06:13]} exf4 {[%clk 0:24:08]} 49. Bd4
{[%clk 0:05:49]} f6 {[%clk 0:23:58]} 50. Rg2 {[%clk 0:03:52]} Bd8
{[%clk 0:23:42]} 51. Rh2+ {[%clk 0:03:08]} Kg6 {[%clk 0:23:52]} 52. Rf2
{[%clk 0:03:08]} Bb6 {[%clk 0:20:56]} 53. Rxf4 {[%clk 0:03:18]} Bxd4
{[%clk 0:21:21]} 54. Rxd4 {[%clk 0:03:41]} a5 {[%clk 0:20:40]} 55. Rf5
{[%clk 0:03:36]} a4 {[%clk 0:18:15]} 56. Kb2 {[%clk 0:03:52]} Qb6+
{[%clk 0:17:48]} 57. Ka3 {[%clk 0:03:34]} Qb1 {[%clk 0:17:34]} 58. Rxc4
{[%clk 0:03:27]} Qd3 {[%clk 0:17:41]} 59. Kb4 {[%clk 0:03:19]} Qe2
{[%clk 0:17:56]} 60. Ra5 {[%clk 0:02:34]} Qxa2 {[%clk 0:13:44]} 61. Rxa4
{[%clk 0:02:46]} Qb2+ {[%clk 0:14:00]} 62. Ka5 {[%clk 0:03:15]} Qb7
{[%clk 0:14:14]} 63. Rab4 {[%clk 0:03:16]} Qa7+ {[%clk 0:14:35]} 64. Kb5
{[%clk 0:03:44]} Kf7 {[%clk 0:13:54]} 65. Kc6 {[%clk 0:03:19]} Ke6
{[%clk 0:14:09]} 66. Rd4 {[%clk 0:02:25]} Qc5+ {[%clk 0:14:22]} 67. Kb7
{[%clk 0:02:49]} Qxc3 {[%clk 0:14:41]} 68. Rbc4 {[%clk 0:03:12]} Qb3+
{[%clk 0:14:44]} 69. Kc6 {[%clk 0:03:04]} Qb8 {[%clk 0:15:06]} 70. Rd5
{[%clk 0:02:15]} Qc8+ {[%clk 0:14:57]} 71. Kb5 {[%clk 0:02:43]} Qb7+
{[%clk 0:15:21]} 72. Ka4 {[%clk 0:02:47]} g5 {[%clk 0:15:45]} 73. Rb5
{[%clk 0:02:35]} Qa7+ {[%clk 0:15:32]} 74. Kb3 {[%clk 0:02:52]} g4
{[%clk 0:15:50]} 75. Rc3 {[%clk 0:03:09]} Qa1 {[%clk 0:15:37]} 76. Kc2
{[%clk 0:03:03]} Qe1 {[%clk 0:15:50]} 77. Rb1 {[%clk 0:01:42]} Qxe4+
{[%clk 0:15:55]} 78. Rd3 {[%clk 0:02:06]} Qc4+ {[%clk 0:15:21]} 79. Kd2
{[%clk 0:02:33]} Qa2+ {[%clk 0:15:45]} 80. Kc1 {[%clk 0:02:48]} f5
{[%clk 0:15:37]} 81. Rb6 {[%clk 0:03:04]} Qc4+ {[%clk 0:15:44]} 82. Kd2
{[%clk 0:03:33]} Qf4+ {[%clk 0:15:50]} 83. Ke2 {[%clk 0:03:45]} Qh2+
{[%clk 0:15:49]} 84. Kf1 {[%clk 0:03:53]} Qe5 {[%clk 0:15:37]} 85. Rbb3
{[%clk 0:04:00]} f4 {[%clk 0:15:59]} 0-1

[Event "Moscow Open 2018 F"]
[Site "?"]
[Date "2018.01.26"]
[Round "1.12"]
[White "Styazhkina, Anna"]
[Black "Seregina, Maria"]
[Result "1-0"]
[BlackElo "1883"]
[WhiteElo "2283"]
[LiveChessVersion "1.4.8"]

1. e4 {[%clk 1:30:56]} Nf6 {[%clk 1:30:53]} 2. e5 {[%clk 1:31:17]} Ng8
{[%clk 1:31:17]} 3. d4 {[%clk 1:31:33]} d6 {[%clk 1:31:43]} 4. f4
{[%clk 1:30:31]} dxe5 {[%clk 1:31:58]} 5. fxe5 {[%clk 1:30:53]} c5
{[%clk 1:32:20]} 6. Nf3 {[%clk 1:28:15]} cxd4 {[%clk 1:23:56]} 7. Bc4
{[%clk 1:27:41]} e6 {[%clk 1:13:45]} 8. O-O {[%clk 1:24:15]} h6 {[%clk 1:11:41]}
9. Nbd2 {[%clk 1:13:50]} Ne7 {[%clk 1:06:59]} 10. Ne4 {[%clk 1:05:33]} Nec6
{[%clk 1:06:31]} 11. Bf4 {[%clk 0:51:10]} Nd7 {[%clk 0:56:02]} 12. Qe2
{[%clk 0:29:59]} Qb6 {[%clk 0:48:42]} 13. Kh1 {[%clk 0:28:47]} Nc5
{[%clk 0:46:59]} 14. Nd6+ {[%clk 0:20:59]} Bxd6 {[%clk 0:47:16]} 15. exd6
{[%clk 0:21:26]} O-O {[%clk 0:46:08]} 16. Rad1 {[%clk 0:18:46]} Kh8
{[%clk 0:36:03]} 17. Nxd4 {[%clk 0:17:15]} Nxd4 {[%clk 0:34:55]} 18. Rxd4
{[%clk 0:17:37]} Qxb2 {[%clk 0:34:46]} 19. Qd2 {[%clk 0:16:03]} f5
{[%clk 0:23:02]} 20. Bxh6 {[%clk 0:13:54]} Rf7 {[%clk 0:13:58]} 21. Be3
{[%clk 0:12:48]} b6 {[%clk 0:12:14]} 22. Rh4+ {[%clk 0:09:45]} Kg8
{[%clk 0:12:38]} 23. Bd4 {[%clk 0:10:02]} Qa3 {[%clk 0:12:26]} 24. Rf3
{[%clk 0:09:40]} Qa4 {[%clk 0:12:31]} 25. Rfh3 {[%clk 0:09:56]} 1-0

[Event "Moscow Open 2018 F"]
[Site "?"]
[Date "2018.01.26"]
[Round "1.13"]
[White "Bocharova, Ulyana"]
[Black "Derevianchenko, Ilia"]
[Result "0-1"]
[BlackElo "2282"]
[WhiteElo "1874"]
[LiveChessVersion "1.4.8"]

1. c4 Nf6 2. Nc3 e5 3. g3 g6 4. Bg2 Bg7 5. d3 O-O 6. Nf3 Re8 7. O-O c6 8. d4 e4
9. Nd2 d5 10. cxd5 cxd5 11. e3 Nc6 12. a3 Bg4 13. Qa4 Qd7 14. b4 h5 15. b5 Ne7
16. f3 exf3 17. Nxf3 Bh3 18. Ne5 Qe6 19. Qb3 Bxg2 20. Kxg2 Nf5 21. Bd2 h4 22.
Rae1 Rac8 23. Qa2 Rc7 24. Rc1 Rec8 25. Rfe1 Nd6 26. Ne2 Qf5 27. Nc3 Nfe4 28. Nxe4
h3+ 29. Kg1 Qxe4 0-1

[Event "Moscow Open 2018 F"]
[Site "?"]
[Date "2018.01.26"]
[Round "1.14"]
[White "Shapkin, Anatoliy"]
[Black "Razumovskiy, Mikhail"]
[Result "1-0"]
[BlackElo "1873"]
[WhiteElo "2278"]
[LiveChessVersion "1.4.8"]

1. d4 {[%clk 1:30:39]} d5 {[%clk 1:30:50]} 2. c4 {[%clk 1:31:01]} c6
{[%clk 1:31:15]} 3. Nf3 {[%clk 1:31:23]} Nf6 {[%clk 1:31:39]} 4. Nbd2
{[%clk 1:31:43]} Bf5 {[%clk 1:27:37]} 5. Nh4 {[%clk 1:31:30]} Bg4
{[%clk 1:25:57]} 6. h3 {[%clk 1:31:40]} Bh5 {[%clk 1:25:57]} 7. Qb3
{[%clk 1:31:54]} Qb6 {[%clk 1:23:50]} 8. e3 {[%clk 1:29:20]} e6 {[%clk 1:21:55]}
9. g4 {[%clk 1:26:30]} Bg6 {[%clk 1:22:21]} 10. Nxg6 {[%clk 1:24:40]} hxg6
{[%clk 1:22:47]} 11. g5 {[%clk 1:23:42]} Nfd7 {[%clk 1:17:53]} 12. Qxb6
{[%clk 1:22:47]} axb6 {[%clk 1:09:32]} 13. Be2 {[%clk 1:21:06]} Na6
{[%clk 1:03:47]} 14. a3 {[%clk 1:20:55]} Nc7 {[%clk 1:00:55]} 15. Nf3
{[%clk 1:16:11]} b5 {[%clk 1:00:42]} 16. c5 {[%clk 1:05:36]} e5 {[%clk 0:58:57]}
17. b4 {[%clk 1:05:15]} e4 {[%clk 0:57:24]} 18. Nd2 {[%clk 1:02:23]} Be7
{[%clk 0:57:48]} 19. Nb3 {[%clk 0:56:03]} Bxg5 {[%clk 0:52:37]} 20. Na5
{[%clk 0:55:45]} Ra7 {[%clk 0:51:31]} 21. Bd2 {[%clk 0:54:48]} Nf8
{[%clk 0:39:42]} 22. O-O-O {[%clk 0:54:36]} Nfe6 {[%clk 0:32:05]} 23. Kb2
{[%clk 0:54:20]} Bf6 {[%clk 0:30:43]} 24. Rdg1 {[%clk 0:51:13]} Ke7
{[%clk 0:26:44]} 25. Be1 {[%clk 0:46:18]} Ng5 {[%clk 0:17:52]} 26. Bg4
{[%clk 0:36:06]} Nce6 {[%clk 0:17:34]} 27. f4 {[%clk 0:29:07]} exf3
{[%clk 0:17:51]} 28. h4 {[%clk 0:29:17]} Ne4 {[%clk 0:16:18]} 29. Bxf3
{[%clk 0:29:33]} Rxa5 {[%clk 0:07:53]} 30. bxa5 {[%clk 0:29:48]} N4xc5
{[%clk 0:07:24]} 31. Bb4 {[%clk 0:23:56]} Kd7 {[%clk 0:07:50]} 32. Kc2
{[%clk 0:24:15]} Na4 {[%clk 0:08:14]} 33. h5 {[%clk 0:22:09]} Bxd4
{[%clk 0:04:06]} 34. hxg6 {[%clk 0:20:50]} Rxh1 {[%clk 0:04:33]} 35. Bxh1
{[%clk 0:18:08]} Bxe3 {[%clk 0:03:17]} 36. Re1 {[%clk 0:17:55]} d4
{[%clk 0:02:09]} 37. gxf7 {[%clk 0:17:57]} c5 {[%clk 0:02:29]} 38. Bd5
{[%clk 0:18:02]} cxb4 {[%clk 0:00:42]} 39. Bxe6+ {[%clk 0:18:26]} Ke7
{[%clk 0:01:10]} 40. Rf1 {[%clk 0:18:37]} Kf8 {[%clk 0:00:51]} 41. axb4
{[%clk 0:18:51]} Nc3 {[%clk 0:00:40]} 42. Rh1 {[%clk 0:18:45]} 1-0

[Event "Moscow Open 2018 F"]
[Site "?"]
[Date "2018.01.26"]
[Round "1.15"]
[White "Vartaniants, Mikhail"]
[Black "Thing, Bibek"]
[Result "0-1"]
[BlackElo "2252"]
[WhiteElo "1866"]
[LiveChessVersion "1.4.8"]

1. e4 {[%clk 1:30:34]} c5 {[%clk 1:30:32]} 2. f4 {[%clk 1:30:35]} d6
{[%clk 1:27:33]} 3. Nf3 {[%clk 1:30:26]} Nc6 {[%clk 1:27:03]} 4. Bc4
{[%clk 1:30:00]} e6 {[%clk 1:22:15]} 5. Nc3 {[%clk 1:28:57]} g6 {[%clk 1:21:46]}
6. O-O {[%clk 1:28:18]} Bg7 {[%clk 1:22:03]} 7. d3 {[%clk 1:27:38]} Nge7
{[%clk 1:22:11]} 8. h4 {[%clk 1:26:12]} d5 {[%clk 1:16:28]} 9. Bb3
{[%clk 1:24:41]} Nd4 {[%clk 1:10:52]} 10. h5 {[%clk 1:10:55]} b5 {[%clk 1:02:33]}
11. h6 {[%clk 0:58:23]} Nxf3+ {[%clk 1:00:29]} 12. Qxf3 {[%clk 0:56:44]} Bd4+
{[%clk 0:53:23]} 13. Kh2 {[%clk 0:55:45]} Bxc3 {[%clk 0:52:52]} 14. exd5
{[%clk 0:48:47]} Bd4 {[%clk 0:40:29]} 15. c3 {[%clk 0:37:23]} Nf5
{[%clk 0:24:03]} 16. cxd4 {[%clk 0:36:35]} Nxd4 {[%clk 0:22:54]} 17. Qe4
{[%clk 0:34:08]} Bb7 {[%clk 0:19:47]} 18. f5 {[%clk 0:28:47]} gxf5
{[%clk 0:19:41]} 19. Qe5 {[%clk 0:26:16]} Qh4+ {[%clk 0:16:22]} 20. Kg1
{[%clk 0:26:27]} Rg8 {[%clk 0:16:44]} 21. Bf4 {[%clk 0:23:10]} Qg4
{[%clk 0:16:09]} 22. g3 {[%clk 0:14:51]} Ne2+ {[%clk 0:15:08]} 23. Kf2
{[%clk 0:13:01]} Nxf4 {[%clk 0:14:19]} 24. gxf4 {[%clk 0:13:20]} Qh4+
{[%clk 0:11:57]} 25. Ke3 {[%clk 0:12:02]} Rg3+ {[%clk 0:10:58]} 26. Kd2
{[%clk 0:11:44]} Qh2+ {[%clk 0:08:24]} 27. Kc3 {[%clk 0:10:51]} O-O-O
{[%clk 0:05:02]} 28. d6 {[%clk 0:09:24]} b4+ {[%clk 0:04:08]} 29. Kc4
{[%clk 0:09:37]} Ba6+ {[%clk 0:03:42]} 30. Kxc5 {[%clk 0:09:28]} Rxd3
{[%clk 0:03:54]} 31. Rac1 {[%clk 0:07:16]} R3xd6 {[%clk 0:02:36]} 32. Kxb4+
{[%clk 0:06:46]} Kb7 {[%clk 0:02:03]} 33. Rc5 {[%clk 0:04:15]} Qd2+
{[%clk 0:01:52]} 34. Ka3 {[%clk 0:04:35]} Bxf1 {[%clk 0:02:11]} 35. Ba4
{[%clk 0:02:29]} Qd4 0-1

[Event "Moscow Open 2018 F"]
[Site "?"]
[Date "2018.01.26"]
[Round "1.16"]
[White "Aleksandrovskiy, Dmitriy"]
[Black "Zavaleta Hernandez, Jorge"]
[Result "1-0"]
[BlackElo "1863"]
[WhiteElo "2239"]
[LiveChessVersion "1.4.8"]

1. Nf3 Nf6 2. c4 c5 3. g3 Nc6 4. Bg2 e6 5. O-O Be7 6. b3 d5 7. cxd5 exd5 8. d4
O-O 9. Bb2 Bf5 10. Nc3 Re8 11. Rc1 Rc8 12. Nh4 Be4 13. Nxe4 Nxe4 14. Nf5 Nxd4 15.
Nxe7+ Qxe7 16. e3 Nxf2 17. Rxf2 Qxe3 18. Kf1 Rc6 19. Bxd4 cxd4 20. Rxc6 bxc6 21.
Re2 Qxe2+ 22. Qxe2 Rxe2 23. Kxe2 Kf8 24. Kd3 Ke7 25. Kxd4 Kd6 26. b4 f6 27. a4 f5
28. h4 g6 29. b5 cxb5 30. axb5 h6 31. Bxd5 g5 32. h5 f4 33. gxf4 gxf4 34. Bf3 Ke7
35. Ke4 Ke6 36. Kxf4 Kf6 37. Bd5 1-0

[Event "Moscow Open 2018 F"]
[Site "?"]
[Date "2018.01.27"]
[Round "2.1"]
[White "Paravyan, David"]
[Black "Alieva, Alexandra"]
[Result "1-0"]
[BlackElo "2100"]
[WhiteElo "2603"]
[LiveChessVersion "1.4.8"]

1. Nf3 {[%clk 1:24:56]} d5 {[%clk 1:30:57]} 2. d4 {[%clk 1:24:55]} Nf6
{[%clk 1:30:49]} 3. c4 {[%clk 1:25:18]} e6 {[%clk 1:31:09]} 4. Nc3
{[%clk 1:24:51]} c6 {[%clk 1:31:33]} 5. e3 {[%clk 1:24:06]} Nbd7 {[%clk 1:31:22]}
6. Bd3 {[%clk 1:22:24]} Bd6 {[%clk 1:30:54]} 7. O-O {[%clk 1:22:07]} O-O
{[%clk 1:31:18]} 8. e4 {[%clk 1:19:06]} dxe4 {[%clk 1:25:05]} 9. Nxe4
{[%clk 1:19:31]} Nxe4 {[%clk 1:23:31]} 10. Bxe4 {[%clk 1:19:03]} Nf6
{[%clk 1:22:15]} 11. Bc2 {[%clk 1:13:44]} c5 {[%clk 1:22:36]} 12. Bg5
{[%clk 1:13:20]} cxd4 {[%clk 1:22:18]} 13. Qxd4 {[%clk 1:10:56]} Be7
{[%clk 1:19:00]} 14. Qh4 {[%clk 1:10:06]} h6 {[%clk 1:18:53]} 15. Bxh6
{[%clk 1:10:28]} gxh6 {[%clk 1:06:09]} 16. Qxh6 {[%clk 1:10:27]} Bd6
{[%clk 1:02:59]} 17. Rad1 {[%clk 1:10:11]} 1-0

[Event "Moscow Open 2018 F"]
[Site "?"]
[Date "2018.01.27"]
[Round "2.2"]
[White "Lugovskoy, Maxim"]
[Black "Meyer, Henrik"]
[Result "1-0"]
[BlackElo "2086"]
[WhiteElo "2459"]
[LiveChessVersion "1.4.8"]

1. e4 {[%clk 1:29:21]} c5 {[%clk 1:30:54]} 2. Nf3 {[%clk 1:29:39]} d6
{[%clk 1:31:18]} 3. Bb5+ {[%clk 1:30:05]} Nd7 {[%clk 1:31:42]} 4. d4
{[%clk 1:30:22]} cxd4 {[%clk 1:31:24]} 5. Qxd4 {[%clk 1:30:45]} a6
{[%clk 1:31:36]} 6. Bxd7+ {[%clk 1:31:09]} Bxd7 {[%clk 1:31:48]} 7. c4
{[%clk 1:31:37]} e5 {[%clk 1:31:58]} 8. Qd3 {[%clk 1:32:05]} b5 {[%clk 1:32:14]}
9. Nc3 {[%clk 1:32:24]} bxc4 {[%clk 1:31:45]} 10. Qxc4 {[%clk 1:32:52]} Be6
{[%clk 1:31:58]} 11. Qc6+ {[%clk 1:33:18]} Bd7 {[%clk 1:32:21]} 12. Qc4
{[%clk 1:33:45]} Be6 {[%clk 1:32:43]} 13. Qd3 {[%clk 1:34:12]} h6
{[%clk 1:32:24]} 14. O-O {[%clk 1:31:42]} Nf6 {[%clk 1:32:42]} 15. Rd1
{[%clk 1:26:50]} Be7 {[%clk 1:32:02]} 16. Ne1 {[%clk 1:27:18]} Qc7
{[%clk 1:20:36]} 17. Nc2 {[%clk 1:13:42]} d5 {[%clk 1:13:31]} 18. exd5
{[%clk 1:08:26]} Nxd5 {[%clk 1:12:58]} 19. Nxd5 {[%clk 0:44:24]} Bxd5
{[%clk 1:13:22]} 20. Ne3 {[%clk 0:44:46]} Be6 {[%clk 1:13:11]} 21. Nf5
{[%clk 0:44:45]} Bxf5 {[%clk 1:12:44]} 22. Qxf5 {[%clk 0:45:10]} Rd8
{[%clk 1:07:53]} 23. Rxd8+ {[%clk 0:43:59]} Bxd8 {[%clk 1:07:53]} 24. Be3
{[%clk 0:42:43]} O-O {[%clk 1:08:04]} 25. h3 {[%clk 0:41:54]} Be7
{[%clk 0:58:26]} 26. Rc1 {[%clk 0:42:05]} Qb8 {[%clk 0:58:44]} 27. b3
{[%clk 0:41:34]} Rd8 {[%clk 0:55:53]} 28. Rc4 {[%clk 0:40:31]} Qd6
{[%clk 0:47:43]} 29. Kh2 {[%clk 0:38:39]} g6 {[%clk 0:44:26]} 30. Qc2
{[%clk 0:37:36]} Bg5 {[%clk 0:38:43]} 31. Rc6 {[%clk 0:37:38]} Qb4
{[%clk 0:36:37]} 32. Rb6 {[%clk 0:33:18]} Bf4+ {[%clk 0:20:40]} 33. g3
{[%clk 0:32:42]} Qe1 {[%clk 0:21:05]} 34. Rxg6+ {[%clk 0:29:55]} fxg6
{[%clk 0:14:53]} 35. Qxg6+ {[%clk 0:30:11]} Kh8 {[%clk 0:14:58]} 36. Qf6+
{[%clk 0:30:33]} Kh7 {[%clk 0:15:20]} 37. Qxd8 {[%clk 0:30:37]} Bxe3
{[%clk 0:13:24]} 38. Qd3+ {[%clk 0:31:01]} Kg7 {[%clk 0:13:45]} 39. Qxe3
{[%clk 0:31:26]} Qa1 {[%clk 0:13:57]} 40. Qa7+ {[%clk 0:31:52]} 1-0

[Event "Moscow Open 2018 F"]
[Site "?"]
[Date "2018.01.27"]
[Round "2.3"]
[White "Gorovenko, Darya"]
[Black "Kezin, Roman"]
[Result "0-1"]
[BlackElo "2450"]
[WhiteElo "2098"]
[LiveChessVersion "1.4.8"]

1. d4 {[%clk 1:30:48]} d5 {[%clk 1:30:50]} 2. Nf3 {[%clk 1:30:56]} Nf6
{[%clk 1:31:11]} 3. c4 {[%clk 1:31:20]} e6 {[%clk 1:31:36]} 4. Nc3
{[%clk 1:31:43]} c6 {[%clk 1:32:01]} 5. Bg5 {[%clk 1:32:03]} dxc4
{[%clk 1:31:37]} 6. e4 {[%clk 1:32:22]} b5 {[%clk 1:32:02]} 7. e5
{[%clk 1:32:46]} h6 {[%clk 1:32:29]} 8. Bh4 {[%clk 1:33:09]} g5 {[%clk 1:32:56]}
9. Nxg5 {[%clk 1:33:31]} hxg5 {[%clk 1:33:22]} 10. Bxg5 {[%clk 1:33:54]} Nbd7
{[%clk 1:33:49]} 11. exf6 {[%clk 1:34:11]} Bb7 {[%clk 1:34:14]} 12. g3
{[%clk 1:34:30]} c5 {[%clk 1:34:39]} 13. d5 {[%clk 1:34:55]} Nxf6
{[%clk 1:32:35]} 14. Bg2 {[%clk 1:26:35]} Be7 {[%clk 1:29:58]} 15. O-O
{[%clk 1:22:43]} Nxd5 {[%clk 1:29:05]} 16. Bxe7 {[%clk 1:22:49]} Kxe7
{[%clk 1:27:55]} 17. Qe1 {[%clk 1:08:50]} Rh5 {[%clk 0:49:39]} 18. Rd1
{[%clk 1:02:13]} Qd7 {[%clk 0:15:49]} 19. f4 {[%clk 0:56:39]} b4 {[%clk 0:09:34]}
20. Nxd5+ {[%clk 0:55:02]} Rxd5 {[%clk 0:06:45]} 21. Bxd5 {[%clk 0:55:05]} Bxd5
{[%clk 0:07:12]} 22. f5 {[%clk 0:53:26]} Kd6 {[%clk 0:06:26]} 23. fxe6
{[%clk 0:37:46]} fxe6 {[%clk 0:06:19]} 24. Rf6 {[%clk 0:36:37]} Kc6
{[%clk 0:01:42]} 25. Qf1 {[%clk 0:34:45]} Rg8 {[%clk 0:00:39]} 26. b3
{[%clk 0:25:59]} c3 {[%clk 0:00:32]} 27. Qa6+ {[%clk 0:23:05]} Kc7
{[%clk 0:01:01]} 28. Rdf1 {[%clk 0:23:27]} Kb8 {[%clk 0:00:36]} 29. Rf8+
{[%clk 0:18:45]} Rxf8 {[%clk 0:01:03]} 30. Rxf8+ {[%clk 0:19:09]} Kc7
{[%clk 0:01:29]} 31. Qxa7+ {[%clk 0:19:30]} Kc6 {[%clk 0:00:47]} 32. Qa6+
{[%clk 0:14:39]} Kc7 {[%clk 0:01:16]} 33. Qa5+ {[%clk 0:13:32]} Kc6
{[%clk 0:00:56]} 34. Rd8 {[%clk 0:11:54]} Qb7 {[%clk 0:00:43]} 35. Rf8
{[%clk 0:03:58]} c2 {[%clk 0:00:55]} 36. Rf1 {[%clk 0:04:13]} c4 {[%clk 0:00:31]}
37. bxc4 {[%clk 0:02:37]} Bxc4 {[%clk 0:00:59]} 38. Rc1 {[%clk 0:02:02]} Bd3
{[%clk 0:01:01]} 39. h4 {[%clk 0:00:46]} Qg7 {[%clk 0:00:35]} 40. Qa8+
{[%clk 0:00:53]} Kb5 {[%clk 0:00:32]} 41. Qb8+ {[%clk 0:00:39]} Kc4
{[%clk 0:00:34]} 42. Qf4+ {[%clk 0:00:31]} Kc3 {[%clk 0:01:02]} 43. Kf2
{[%clk 0:00:40]} Kb2 {[%clk 0:00:32]} 44. Re1 {[%clk 0:00:31]} Qc3
{[%clk 0:00:44]} 45. h5 {[%clk 0:00:40]} Qxe1+ {[%clk 0:00:43]} 46. Kxe1
{[%clk 0:01:06]} c1=Q+ {[%clk 0:01:07]} 47. Qxc1+ {[%clk 0:01:34]} Kxc1
{[%clk 0:01:31]} 48. g4 {[%clk 0:01:34]} Kb2 {[%clk 0:01:31]} 49. Kd2
{[%clk 0:02:28]} Bb1 {[%clk 0:01:12]} 50. g5 {[%clk 0:02:53]} Kxa2
{[%clk 0:01:37]} 51. g6 {[%clk 0:03:17]} b3 {[%clk 0:02:03]} 52. g7
{[%clk 0:03:44]} Bh7 {[%clk 0:02:29]} 0-1

[Event "Moscow Open 2018 F"]
[Site "?"]
[Date "2018.01.27"]
[Round "2.4"]
[White "Kozionov, Kirill"]
[Black "Mamontova, Anastasia"]
[Result "1-0"]
[BlackElo "2074"]
[WhiteElo "2423"]
[LiveChessVersion "1.4.8"]

1. e4 c6 2. d4 d5 3. e5 Bf5 4. h4 Qc8 5. Nc3 h6 6. Be3 e6 7. g4 Bh7 8. h5 Nd7 9.
f4 a6 10. Bd3 Bxd3 11. cxd3 c5 12. dxc5 d4 13. Bxd4 Bxc5 14. Ne4 Qc6 15. Rc1 Bb4+
16. Bc3 Bxc3+ 17. Rxc3 Qd5 18. Nf3 Ne7 19. Nd6+ Kf8 20. O-O Nc6 21. Qb3 Qxb3 22.
Rxb3 b5 23. Rc1 Ne7 24. Rc7 Nb6 25. Rb7 Nbd5 26. f5 exf5 27. gxf5 Rd8 28. d4 Nf4
29. Ra3 Nxh5 30. Rxa6 Rh7 31. Raa7 Nd5 32. Rxf7+ Kg8 33. Rfb7 b4 34. e6 1-0

[Event "Moscow Open 2018 F"]
[Site "?"]
[Date "2018.01.27"]
[Round "2.5"]
[White "Lebedev, Oleg"]
[Black "Mokshanov, Alexey"]
[Result "0-1"]
[BlackElo "2415"]
[WhiteElo "2079"]
[LiveChessVersion "1.4.8"]

1. f4 {[%clk 1:22:37]} Nf6 {[%clk 1:30:46]} 2. Nf3 {[%clk 1:23:03]} g6
{[%clk 1:30:50]} 3. g3 {[%clk 1:23:29]} Bg7 {[%clk 1:31:16]} 4. Bg2
{[%clk 1:23:56]} O-O {[%clk 1:31:22]} 5. O-O {[%clk 1:24:25]} d5 {[%clk 1:31:19]}
6. d3 {[%clk 1:24:45]} c5 {[%clk 1:31:05]} 7. Nc3 {[%clk 1:25:03]} d4
{[%clk 1:26:31]} 8. Na4 {[%clk 1:25:18]} Nbd7 {[%clk 1:25:43]} 9. c4
{[%clk 1:24:42]} Rb8 {[%clk 1:23:05]} 10. Bd2 {[%clk 1:22:25]} b6
{[%clk 1:21:30]} 11. Rb1 {[%clk 1:21:07]} Bb7 {[%clk 1:18:52]} 12. a3
{[%clk 1:21:07]} Qc7 {[%clk 1:16:06]} 13. b4 {[%clk 1:18:06]} Bc6
{[%clk 1:13:26]} 14. bxc5 {[%clk 1:06:45]} bxc5 {[%clk 1:13:29]} 15. Qc2
{[%clk 1:06:58]} Rb7 {[%clk 1:01:56]} 16. Nh4 {[%clk 0:44:57]} Bxg2
{[%clk 0:59:56]} 17. Nxg2 {[%clk 0:43:55]} Rfb8 {[%clk 0:59:20]} 18. Rxb7
{[%clk 0:32:12]} Qxb7 {[%clk 0:59:32]} 19. h3 {[%clk 0:32:25]} Ne8
{[%clk 0:56:38]} 20. f5 {[%clk 0:28:27]} Qb3 {[%clk 0:53:05]} 21. Qxb3
{[%clk 0:27:52]} Rxb3 {[%clk 0:53:33]} 22. fxg6 {[%clk 0:28:20]} hxg6
{[%clk 0:53:53]} 23. Ra1 {[%clk 0:28:41]} e5 {[%clk 0:53:59]} 24. Ne1
{[%clk 0:25:16]} e4 {[%clk 0:50:00]} 25. Bf4 {[%clk 0:24:40]} f5 {[%clk 0:50:11]}
26. Kf2 {[%clk 0:20:08]} Bf6 {[%clk 0:47:54]} 27. h4 {[%clk 0:19:24]} Ng7
{[%clk 0:46:36]} 28. Ra2 {[%clk 0:17:08]} Ne6 {[%clk 0:46:16]} 29. Bd6
{[%clk 0:17:12]} Be5 {[%clk 0:45:54]} 30. Bxe5 {[%clk 0:16:35]} Nxe5
{[%clk 0:46:22]} 31. Rb2 {[%clk 0:14:32]} Rxa3 {[%clk 0:46:23]} 32. Rb8+
{[%clk 0:14:56]} Kf7 {[%clk 0:46:38]} 33. Rb7+ {[%clk 0:15:21]} Kf6
{[%clk 0:46:44]} 34. Rxa7 {[%clk 0:15:45]} Ra2 {[%clk 0:40:58]} 35. Kf1
{[%clk 0:10:19]} Ra1 {[%clk 0:41:01]} 36. Kf2 {[%clk 0:09:28]} Ng4+
{[%clk 0:38:23]} 37. Kf1 {[%clk 0:09:53]} Nh2+ {[%clk 0:38:49]} 38. Kf2
{[%clk 0:10:16]} e3+ {[%clk 0:39:10]} 39. Kg2 {[%clk 0:10:40]} Rxe1
{[%clk 0:39:35]} 40. Kxh2 {[%clk 0:11:09]} Rxe2+ {[%clk 0:39:59]} 41. Kg1
{[%clk 0:11:37]} Ra2 {[%clk 0:40:22]} 42. Ra6 {[%clk 0:11:42]} Ra1+
{[%clk 0:40:46]} 43. Ra7 Ra2 44. Kf1 f4 45. gxf4 Nxf4 0-1